Countries that start with L - Statistics

General Stats
  • This quiz has been taken 58 times
  • The average score is 8 of 9
Answer Stats
Answer % Correct
Laos
95%
Liberia
93%
Libya
91%
Lithuania
91%
Liechtenstein
89%
Latvia
88%
Lebanon
88%
Luxembourg
88%
Lesotho
84%
No matching quizzes found
Score Distribution
Percent of People with Each Score
Percentile by Number Answered
Your Score History
You have not taken this quiz